01477nam a2200241Ia 450000100060000000300090000600800410001504000130005604000130006904100130008210000270009510000290012224501010015124501010025225000110035326000090036426000370037326000490041030000550045950006630051465000270117765000310120488928IT-RoPAU130308s9999 xx 000 0 und d aIT-RoPAU cIT-RoPAU aITALIANO aPiccone Stella Antonio gCodice Aut. SPICS: 31882 aGiornale radio (Il)-Guida pratica per quelli che parlano alla radio e per quelli che l'ascoltano bGiornale Radio (Il)-Guida Pratica per quelli che parlano Alla Radio e per quelli che L'Ascoltano a1a ed. aROMA bRai - Radio Televisione Italiana c1948 [1° Ed.:1948 - Ed.Ling.Originale:1948] a"96 p. (prefazione: no ; testo: 96 [pagine: 0-0])" aCome è Organizzato Il giornale Radio Servizi informativi Radiocronache settimanali e Documentari Dibattiti Rubriche Culturali Trasmissioni sindacali e Tecniche Trasmissioni Speciali Trasmissioni religiose sport Come si Fa Il giornale Radio Cos'E' la notizia Come si Dice la notizia Come si Scelgono e Controllano le notizie Come si Impaginano le notizie Come si Adoperano le Radiocronache Registrate Come si Copiane e si leggono le notizie Come si parla Alla Radio Cos'E' la Conversazione Come Nasce la Conversazione Come s'impara Dai Maestri di Conversazione Come si Evitano gli Errori Come si scrive e si legge la Conversazione Come Se ne Ricava un Utile aLINGUAGGIO RADIOFONICO eCodice materia Spics: 6904